00947cam a2200229 a 450000100100000000500170001000800410002704000250006808200170009310000460011024500740015626000330023030000300026349000270029365100360032065000230035665000420037983000360042195201200045795201250057799900150070200000728620240418073804.0820416s1970 ck 000 0 spa d aDO-SdBNPbspacBNPHU a986.1bL864d1 aLópez de Mesa, Luis,d1884-1967.92022710aDe como se ha formado la nación colombiana /cLuis López de Mesa. aMedellín :bBedout,c1970. a284 p. ; :bil. ;c19 cm.1 aBolsilibros Bodoutv65 4aColombiaxCivilización918068 0aSociología91061 4aColombiaxCondiciones sociales920228 0aBolsilibros Bodout ;v65920229 001052708MOaGRbGRcCTd2009-09-07iLF1l0o986.1 L864dp7286-10r2020-06-25w2020-06-25y2ZPréstamo interno 001053728MOaGRbGRcCTd2009-09-07iLF1l0o986.1 L864dp7286-20r2020-06-25te.2w2020-06-25y2ZPréstamo interno c7067d7067